000 00412nam a2200181Ia 4500
001 4276
005 20260306145744.0
008 260306t2005||||xx |||||||||||||| ||spa||
041 _aESP
082 _a320.1
_bM84
100 _aMontesquieu
_eAUT
245 0 _aDel espíritu de las leyes
260 _c2005
300 _a656 páginas :
_c22 cm.
650 _aGEN
654 _aCDE
942 _cLIB
_dJUS
_fJUS
_2ddc
_n
999 _c4276
_d4276